Digitálny kompas 2030 pre úspešnú digitálnu transformáciu Európy bakalárska práca

Salvato in:
Dettagli Bibliografici
Autore principale: Blažíčková, Ivana
Ente Autore: Národohospodárska fakulta EU. Katedra ekonómie
Altri autori: Leško, Peter, 1989-
Natura: Libro
Lingua:slovacco
Pubblicazione: Bratislava 2023
Tags: Aggiungi Tag
Nessun Tag, puoi essere il primo ad aggiungerne!!

MARC

LEADER 00000nbm a2200000 4500
001 0294547
005 20231121092945.4
041 0 |a slo 
044 |a SK 
245 1 0 |a Digitálny kompas 2030 pre úspešnú digitálnu transformáciu Európy  |b bakalárska práca  |c Ivana Blažíčková ; školiteľ: Peter Leško 
264 1 |a Bratislava  |c 2023 
300 |a 59 s. 
100 1 |a Blažíčková, Ivana 
700 1 |a Leško, Peter, 1989- 
710 2 |a Národohospodárska fakulta EU. Katedra ekonómie